000 00916nam0a2200301 4500
001 RU\NLR\bibl\145111
005 20250618045722.0
010 _a5-05-004597-5
_965000
021 _aRU
_b98-6431п
_9203
035 _a(NLR Aleph) 000142169
090 _a814102
_c814102
100 _a20010330d1998 |||y0rusy50 ca
101 1 _arus
_ceng
102 _aRU
105 _ay |||||||||
200 1 _aСредиземноморский роман
_eРоман
_fСофи Уэстон
_gПер. с англ. [А. Кудряшева]
210 _aМ.
_cРадуга
_d1998
215 _a190,[1] с.
_d16
225 1 _aЛюбовный роман
_v181
686 _aШ6(4Вл)67-440.4
700 1 _aУэстон
_bС.
_gСофи
_4070
801 0 _aRU
_bNLR
_c20010330
_gPSBO
801 1 _aRU
_bNLR
_c20010330
852 _aNLR
_j2001-2/33
942 _cBOOK
980 _aNB